Ku tsemakanya patu (Record no. 743427)
[ view plain ]
| 000 -LEADER | |
|---|---|
| fixed length control field | 00475nam a22001577a 4500 |
| 005 - DATE AND TIME OF LATEST TRANSACTION | |
| control field | 20230207143220.0 |
| 008 - FIXED-LENGTH DATA ELEMENTS--GENERAL INFORMATION | |
| fixed length control field | 230207b sa ||||| |||| 00| 0 eng d |
| 020 ## - INTERNATIONAL STANDARD BOOK NUMBER | |
| International Standard Book Number | <a href="9780195769296">9780195769296</a> |
| 040 ## - CATALOGING SOURCE | |
| Transcribing agency | 3228 |
| 082 ## - DEWEY DECIMAL CLASSIFICATION NUMBER | |
| Classification number | TSO F NETS |
| 942 ## - ADDED ENTRY ELEMENTS | |
| Creator ID | 163 |
| Creator Name | Khulile Ngwenya |
| Modifier ID | 163 |
| Modifier Name | Khulile Ngwenya |
| 100 ## - MAIN ENTRY--PERSONAL NAME | |
| Personal name | Netshilata Roselet tlakula |
| 245 ## - TITLE STATEMENT | |
| Title | Ku tsemakanya patu |
| Statement of responsibility, etc. | Roselet tlakula netshilata and Robert Hichens |
| 260 ## - PUBLICATION, DISTRIBUTION, ETC. | |
| Place of publication, distribution, etc. | Cape town |
| Name of publisher, distributor, etc. | Oxford university press |
| Date of publication, distribution, etc. | 2009 |
| 300 ## - PHYSICAL DESCRIPTION | |
| Extent | 8 pages |
| Dimensions | 14 cm 21 width |
| 942 ## - ADDED ENTRY ELEMENTS | |
| Source of classification or shelving scheme | Dewey Decimal Classification |
| item type | Books |
| Withdrawn status | Lost status | Source of classification or shelving scheme | Damaged status | Not for loan | Home library | Current library | Date acquired | Full call number | Barcode | Date last seen | Price effective from | item type | Collection code | Shelving location | Total Checkouts |
|---|---|---|---|---|---|---|---|---|---|---|---|---|---|---|---|
| Dewey Decimal Classification | Shatale | Shatale | 07.02.2023 | TSO F NETS | 33228031026935 | 07.02.2023 | 07.02.2023 | Books | |||||||
| Dewey Decimal Classification | LYDENBURG REGIONAL LIBRARY | Shatale | 30.10.2023 | TSO F NETS | 33228031030710 | 30.10.2023 | 30.10.2023 | Books | Fiction | Fiction | |||||
| Dewey Decimal Classification | ZM Mkhwanazi Public Library | ZM Mkhwanazi Public Library | 03.06.2025 | TSO KF TLAK | 3228200039705 | 03.06.2025 | 03.06.2025 | Books | Fiction | Children's Area |